|
|
|
|
| LEADER |
00744nab a2200181 i 4500 |
| 001 |
misc26100 |
| 005 |
20191111110317.0 |
| 008 |
170727s1974 hu o 0|| zxx d |
| 040 |
|
|
|a SZTE Miscellanea Repozitórium
|b hun
|
| 041 |
|
|
|a zxx
|
| 100 |
1 |
|
|a Varró Vince
|
| 245 |
1 |
0 |
|a Hepatic and mesenteric metabolism of C-terminal pentapeptide of gastrin in the rat
|h [elektronikus dokumentum] :
|b part II. : pathways of pentagastrin inactivation in the rat /
|c Varró Vince
|
| 260 |
|
|
|c 1974
|
| 300 |
|
|
|a 440-445
|
| 490 |
0 |
|
|a Kolligátum
|
| 695 |
|
|
|a Emésztőrendszer - betegségek, Gyógyszerhatástan, Pentagasztrin - metabolizmus
|
| 700 |
0 |
1 |
|a Náfrádi József
|e aut
|
| 856 |
4 |
0 |
|u http://misc.bibl.u-szeged.hu/26100/3/018_020_440-445.pdf
|z Dokumentum-elérés
|